Statistiques concernant Equipes ayant disputés une ligue des champions

Cliquez ici pour prendre le quiz!

Statistiques générales

  • Ce quiz a été pris 182 fois
  • Le résultat moyen est 68 sur 147

Statistiques - réponses

PaysEquipes% Correct
FranceLyon
97%
AllemagneBayern Munich
96%
AllemagneBorussia Dortmund
94%
FranceMarseille
94%
FranceParis Saint-Germain
92%
AngleterreManchester City
90%
AngleterreManchester United
90%
AngleterreChelsea
86%
EspagneRéal Madrid
86%
AngleterreLiverpool
85%
AngleterreArsenal
84%
EspagneBarcelone
84%
PortugalPorto
83%
FranceLille
82%
ItalieMilan AC
82%
Pays-BasAjax Amsterdam
81%
ItalieInter Milan
81%
ItalieJuventus
81%
EspagneAtlético Madrid
80%
FranceMonaco
79%
AngleterreTottenham Hotspur
79%
PortugalBenfica Lisbonne
77%
FranceLens
77%
EspagneFC Séville
76%
ItalieAS Rome
74%
FranceBordeaux
74%
CroatieDinamo Zagreb
73%
PortugalSporting CP
73%
ItalieNaples
72%
ÉcosseCeltic Glasgow
71%
ItalieLazio Rome
71%
Pays-BasPSV Eindhoven
71%
FranceRennes
71%
EspagneValence
71%
AllemagneRB Leipzig
69%
UkraineDynamo Kiev
68%
FranceMontpellier
68%
FranceNantes
68%
BelgiqueClub Bruges
67%
AllemagneBayer Leverkusen
66%
ÉcosseGlasgow Rangers
66%
DanemarkCopenhague
65%
EspagneRéal Sociedad
64%
AngleterreLeicester
63%
AllemagneSchalke 04
63%
TurquieGalatasaray
62%
EspagneVillarreal
60%
EspagneAthletic Bilbao
58%
SerbieÉtoile rouge de Belgrade
58%
Pays-BasFeyenoord Rotterdam
58%
FranceAuxerre
57%
EspagneRéal Betis Séville
57%
BelgiqueAnderlecht
56%
PortugalBraga
56%
GrèceOlympiakos
56%
AllemagneVfL Wolfsburg
56%
ChypreAPOEL Nicosie
55%
SuisseBale
55%
RussieZenith Saint Petersbourg
55%
AllemagneEintracht Francfort
54%
TurquieFenerbahçe
54%
AutricheRed Bull Salzbourg
54%
TurquieBeşiktaş
53%
AllemagneVfB Stuttgart
53%
AllemagneHamburger SV
52%
ItalieAtalanta Bergame
51%
EspagneDeportivo La Corogne
51%
ItalieFiorentina
51%
AngleterreNewcastle United
51%
République TchèqueSparta Prague
51%
SuisseYoung Boys Berne
51%
RussieCSKA Moscou
49%
RoumanieFCSB
49%
SuèdeMalmö
49%
AllemagneBorussia Mönchengladbach
48%
BelgiqueGenk
47%
IsraëlMaccabi Haifa
47%
AllemagneWerder Breme
47%
AutricheRapid Vienne
45%
GrèceAEK Athènes
44%
PologneLegia Varsovie
44%
GrècePanathinaikos
42%
SuisseZürich
42%
BelgiqueLa Gantoise
41%
République TchèqueSlavia Prague
40%
BelgiqueStandard Liège
39%
Pays-BasAZ Alkmaar
38%
AngleterreLeeds United
38%
AllemagneHertha BSC
37%
EspagneMálaga
37%
KazakhstanAstana
36%
RussieSpartak Moscou
36%
RussieLokomotiv Moscou
34%
Allemagne1899 Hoffenheim
33%
CroatieHajduk Split
33%
IsraëlMaccabi Tel-Aviv
33%
SerbiePartizan Belgrade
33%
MoldavieSheriff Tiraspol
33%
AutricheAustria Vienne
32%
ItalieParme
32%
AzerbaïdjanQarabağ
31%
UkraineShakhtar Donetsk
31%
TurquieTrabzonspor
29%
Pays-BasTwente
27%
PortugalBoavista Lisbonne
26%
BulgarieLudogorets Razgrad
26%
ItalieUdinese
26%
TurquieIstanbul Başakşehir
25%
République TchèqueViktoria Plzeň
25%
BielorussieBATE Borisov
24%
RoumanieCFR Cluj
24%
HongrieFerencváros
24%
NorvègeRosenborg
23%
EspagneCelta Vigo
21%
RussieRubin Kazan
21%
FinlandeHJK Helsinki
20%
NorvègeMolde
20%
RussieKrasnodar
19%
EspagneRCD Majorque
19%
DanemarkBrøndby
17%
SuèdeIFK Göteborg
17%
AutricheSturm Graz
17%
SuisseGrasshopper
16%
AllemagneKaiserslautern
16%
SlovénieMaribor
16%
DanemarkMidtjylland
16%
SuèdeAIK
15%
IsraëlHapoël Tel-Aviv
14%
DanemarkAalborg Boldspilklub Fodbold
12%
BulgarieLevski Sofia
10%
AngleterreBlackburn Rovers
8%
TurquieBursaspor
8%
DanemarkNordsjælland
8%
SuisseThoune
8%
RussieRostov
7%
ChypreAnórthosis Famagouste
6%
Pays-BasHeerenveen
6%
HongrieDebreceni Vasutas
5%
SuèdeHelsingborgs IF
5%
BelgiqueLierse
5%
SlovaquieŽilina
5%
Pays-BasWillem II
4%
SlovaquieKošice
3%
RoumanieOțelul Galați
2%
RoumanieUnirea Urziceni
2%
SlovaquiePetržalka 1898
1%
PologneWidzew Łódź
0%

Distribution des résultats

Percentile par nombre de réponses

% des personnes avec chaque résultat

Votre développement - résultats

Vous n’avez pas pris ce quiz